000 00300nam a22001337a 4500
008 170714b xxu||||| |||| 00| 0 eng d
020 _a9780194398701
041 _aeng
080 _24TH
_a038
100 _a038
101 _aFJA
245 _aLEARNER'S POCKET DICTIONARY
_cBULL,V
942 _2udc
_cBK
999 _c20876
_d20876